<?xml version="1.0" encoding="UTF-8"?>
<collection xmlns="http://www.loc.gov/MARC21/slim">
<record>
  <controlfield tag="001">121194</controlfield>
  <controlfield tag="005">20240319081019.0</controlfield>
  <datafield tag="024" ind1="7" ind2=" ">
    <subfield code="2">doi</subfield>
    <subfield code="a">10.3390/nu14224758</subfield>
  </datafield>
  <datafield tag="024" ind1="8" ind2=" ">
    <subfield code="2">sideral</subfield>
    <subfield code="a">131791</subfield>
  </datafield>
  <datafield tag="037" ind1=" " ind2=" ">
    <subfield code="a">ART-2022-131791</subfield>
  </datafield>
  <datafield tag="041" ind1=" " ind2=" ">
    <subfield code="a">eng</subfield>
  </datafield>
  <datafield tag="100" ind1=" " ind2=" ">
    <subfield code="a">Gómez-Sánchez, Leticia</subfield>
  </datafield>
  <datafield tag="245" ind1=" " ind2=" ">
    <subfield code="a">Long-Term Effectiveness of a Smartphone App and a Smart Band on Arterial Stiffness and Central Hemodynamic Parameters in a Population with Overweight and Obesity (Evident 3 Study): Randomised Controlled Trial</subfield>
  </datafield>
  <datafield tag="260" ind1=" " ind2=" ">
    <subfield code="c">2022</subfield>
  </datafield>
  <datafield tag="506" ind1="0" ind2=" ">
    <subfield code="a">Access copy available to the general public</subfield>
    <subfield code="f">Unrestricted</subfield>
  </datafield>
  <datafield tag="520" ind1="3" ind2=" ">
    <subfield code="a">Background: mHealth technologies could help to improve cardiovascular health; however, their effect on arterial stiffness and hemodynamic parameters has not been explored to date. Objective: To evaluate the effect of a mHealth intervention, at 3 and 12 months, on arterial stiffness and central hemodynamic parameters in a sedentary population with overweight and obesity. Methods: Randomised controlled clinical trial (Evident 3 study). 253 subjects were included: 127 in the intervention group (IG) and 126 in the control group (CG). The IG subjects were briefed on the use of the Evident 3 app and a smart band (Mi Band 2, Xiaomi) for 3 months to promote healthy lifestyles. All measurements were recorded in the baseline visit and at 3 and 12 months. The carotid-femoral pulse wave velocity (cfPWV) and the central hemodynamic parameters were measured using a SphigmoCor System® device, whereas the brachial-ankle pulse wave velocity (baPWV) and the Cardio Ankle Vascular Index (CAVI) were measured using a VaSera VS-2000® device. Results: Of the 253 subjects who attended the initial visit, 237 (93.7%) completed the visit at 3 months of the intervention, and 217 (85.3%) completed the visit at 12 months of the intervention. At 12 months, IG showed a decrease in peripheral augmentation index (PAIx) (−3.60; 95% CI −7.22 to −0.00) and ejection duration (ED) (−0.82; 95% CI −1.36 to −0.27), and an increase in subendocardial viability ratio (SEVR) (5.31; 95% CI 1.18 to 9.44). In CG, cfPWV decreased at 3 months (−0.28 m/s; 95% CI −0.54 to −0.02) and at 12 months (−0.30 m/s, 95% CI −0.54 to −0.05), central diastolic pressure (cDBP) decreased at 12 months (−1.64 mm/Hg; 95% CI −3.19 to −0.10). When comparing the groups we found no differences between any variables analyzed. Conclusions: In sedentary adults with overweight or obesity, the multicomponent intervention (Smartphone app and an activity-tracking band) for 3 months did not modify arterial stiffness or the central hemodynamic parameters, with respect to the control group. However, at 12 months, CG presented a decrease of cfPWV and cDBP, whereas IG showed a decrease of PAIx and ED and an increase of SEVR.</subfield>
  </datafield>
  <datafield tag="536" ind1=" " ind2=" ">
    <subfield code="9">info:eu-repo/grantAgreement/ES/ISCIII/PI16-00101</subfield>
    <subfield code="9">info:eu-repo/grantAgreement/ES/ISCIII/PI16-00170</subfield>
    <subfield code="9">info:eu-repo/grantAgreement/ES/ISCIII/PI16-00421</subfield>
    <subfield code="9">info:eu-repo/grantAgreement/ES/ISCIII/PI16-00659</subfield>
    <subfield code="9">info:eu-repo/grantAgreement/ES/ISCIII/PI16-00765</subfield>
    <subfield code="9">info:eu-repo/grantAgreement/ES/ISCIII-RICAPPS/RD21-0016-0005</subfield>
    <subfield code="9">info:eu-repo/grantAgreement/ES/ISCIII-RICAPPS/RD21-0016-0009</subfield>
    <subfield code="9">info:eu-repo/grantAgreement/ES/ISCIII-RICAPPS/RD21-0016-0010</subfield>
    <subfield code="9">info:eu-repo/grantAgreement/ES/ISCIII-RICAPPS/RD21-0016-0025</subfield>
    <subfield code="9">info:eu-repo/grantAgreement/ES/MICINN-ISCIII-ERDF-ESF/FI17-00040-Investing in your future</subfield>
    <subfield code="9">info:eu-repo/grantAgreement/ES/MICINN-ISCIII-ERDF-ESF/PI16-00952-Investing in your future</subfield>
  </datafield>
  <datafield tag="540" ind1=" " ind2=" ">
    <subfield code="9">info:eu-repo/semantics/openAccess</subfield>
    <subfield code="a">by</subfield>
    <subfield code="u">http://creativecommons.org/licenses/by/3.0/es/</subfield>
  </datafield>
  <datafield tag="590" ind1=" " ind2=" ">
    <subfield code="a">5.9</subfield>
    <subfield code="b">2022</subfield>
  </datafield>
  <datafield tag="591" ind1=" " ind2=" ">
    <subfield code="a">NUTRITION &amp; DIETETICS</subfield>
    <subfield code="b">17 / 87 = 0.195</subfield>
    <subfield code="c">2022</subfield>
    <subfield code="d">Q1</subfield>
    <subfield code="e">T1</subfield>
  </datafield>
  <datafield tag="592" ind1=" " ind2=" ">
    <subfield code="a">1.291</subfield>
    <subfield code="b">2022</subfield>
  </datafield>
  <datafield tag="593" ind1=" " ind2=" ">
    <subfield code="a">Nutrition and Dietetics</subfield>
    <subfield code="c">2022</subfield>
    <subfield code="d">Q1</subfield>
  </datafield>
  <datafield tag="593" ind1=" " ind2=" ">
    <subfield code="a">Food Science</subfield>
    <subfield code="c">2022</subfield>
    <subfield code="d">Q1</subfield>
  </datafield>
  <datafield tag="594" ind1=" " ind2=" ">
    <subfield code="a">9.0</subfield>
    <subfield code="b">2022</subfield>
  </datafield>
  <datafield tag="655" ind1=" " ind2="4">
    <subfield code="a">info:eu-repo/semantics/article</subfield>
    <subfield code="v">info:eu-repo/semantics/publishedVersion</subfield>
  </datafield>
  <datafield tag="700" ind1=" " ind2=" ">
    <subfield code="a">Gómez-Sánchez, Marta</subfield>
  </datafield>
  <datafield tag="700" ind1=" " ind2=" ">
    <subfield code="a">Lugones-Sánchez, Cristina</subfield>
  </datafield>
  <datafield tag="700" ind1=" " ind2=" ">
    <subfield code="a">Rodríguez-Sánchez, Emiliano</subfield>
  </datafield>
  <datafield tag="700" ind1=" " ind2=" ">
    <subfield code="a">Tamayo-Morales, Olaya</subfield>
  </datafield>
  <datafield tag="700" ind1=" " ind2=" ">
    <subfield code="a">Gonzalez-Sánchez, Susana</subfield>
  </datafield>
  <datafield tag="700" ind1=" " ind2=" ">
    <subfield code="a">Magallón-Botaya, Rosa</subfield>
    <subfield code="u">Universidad de Zaragoza</subfield>
    <subfield code="0">(orcid)0000-0002-5494-6550</subfield>
  </datafield>
  <datafield tag="700" ind1=" " ind2=" ">
    <subfield code="a">Ramirez-Manent, Jose Ignacio</subfield>
  </datafield>
  <datafield tag="700" ind1=" " ind2=" ">
    <subfield code="a">Recio-Rodriguez, Jose I.</subfield>
  </datafield>
  <datafield tag="700" ind1=" " ind2=" ">
    <subfield code="a">Agudo-Conde, Cristina</subfield>
  </datafield>
  <datafield tag="700" ind1=" " ind2=" ">
    <subfield code="a">García-Ortiz, Luis</subfield>
  </datafield>
  <datafield tag="700" ind1=" " ind2=" ">
    <subfield code="a">Gómez-Marcos, Manuel A.</subfield>
  </datafield>
  <datafield tag="710" ind1="2" ind2=" ">
    <subfield code="1">1007</subfield>
    <subfield code="2">610</subfield>
    <subfield code="a">Universidad de Zaragoza</subfield>
    <subfield code="b">Dpto. Medicina, Psiqu. y Derm.</subfield>
    <subfield code="c">Area Medicina</subfield>
  </datafield>
  <datafield tag="773" ind1=" " ind2=" ">
    <subfield code="g">14, 22 (2022), 4758 [20 pp.]</subfield>
    <subfield code="p">Nutrients</subfield>
    <subfield code="t">Nutrients</subfield>
    <subfield code="x">2072-6643</subfield>
  </datafield>
  <datafield tag="856" ind1="4" ind2=" ">
    <subfield code="s">733974</subfield>
    <subfield code="u">http://zaguan.unizar.es/record/121194/files/texto_completo.pdf</subfield>
    <subfield code="y">Versión publicada</subfield>
  </datafield>
  <datafield tag="856" ind1="4" ind2=" ">
    <subfield code="s">3021077</subfield>
    <subfield code="u">http://zaguan.unizar.es/record/121194/files/texto_completo.jpg?subformat=icon</subfield>
    <subfield code="x">icon</subfield>
    <subfield code="y">Versión publicada</subfield>
  </datafield>
  <datafield tag="909" ind1="C" ind2="O">
    <subfield code="o">oai:zaguan.unizar.es:121194</subfield>
    <subfield code="p">articulos</subfield>
    <subfield code="p">driver</subfield>
  </datafield>
  <datafield tag="951" ind1=" " ind2=" ">
    <subfield code="a">2024-03-18-15:59:31</subfield>
  </datafield>
  <datafield tag="980" ind1=" " ind2=" ">
    <subfield code="a">ARTICLE</subfield>
  </datafield>
</record>
</collection>